| 000 | 01975nam a2200277Ia 4500 | ||
|---|---|---|---|
| 001 | 20151 | ||
| 003 | AR-BaAGN | ||
| 005 | 20241114142324.0 | ||
| 007 | ta | ||
| 008 | 211213s1890 ag |||||||||||||| ||spa d | ||
| 040 |
_aAR-BaAGN _bspa _eaacr |
||
| 245 | 0 | 3 | _aLa Prensa. |
| 260 |
_aBuenos Aires : _b[editor no identificado], _c1890-1933. |
||
| 300 | _avolúmenes | ||
| 336 |
_2rdacontent _btxt |
||
| 337 |
_2rdamedia _bn |
||
| 338 |
_2rdacarrier _bnc |
||
| 500 | _aEC 7107: 5 y 6 de julio. Muerte y sepelio de Hipólito Irigoyen. | ||
| 501 | _aEC-7108, correspondiente al 7 de julio de 1933 (1ª y 2ª sección): Número 1 de 11 títulos encuadernados juntos. Encuadernado junto a: Crítica -- El Diario -- El Mundo -- La Nación -- La Razón -- La Vanguardia -- Noticias Gráficas -- República Ilustrada -- Tribuna Libre -- Última Hora -- La Prensa. | ||
| 501 | _aEC-7109, correspondiente al 9 de julio de 1933: Número 1 de 9 títulos encuadernados juntos. Encuadernado junto a: Crítica -- El Mundo -- La Nación -- La Razón -- La Vanguardia -- Noticias Gráficas -- Tribuna Libre -- La Prensa. | ||
| 501 | _aEC-7435, correspondiente al año LIII, número 19241 (12 octubre 1922): Número 13 de 19 obras encuadernadas juntas. Encuadernado con: Crítica -- Diario del plata -- El Diario -- El Pueblo -- El Telégrafo -- La Argentina -- La Campaña -- La Democracia -- La Época -- La Fronda -- La Montaña -- La Nación -- La Prensa -- La Razón -- La República -- La Vanguardia -- Libre Palabra -- Última Hora -- La Unión. | ||
| 501 | _aEC-0338, correspondiente a octubre de 1928. Número 10 de 17 obras encuadernadas juntas. Encuadernado junto a: Crítica -- El Diario -- El Mundo -- El Telégrafo -- La Argentina -- La Calle -- La Época -- La Fronda -- La Prensa -- La Protesta -- La Razón -- La República -- La Vanguardia -- Libertad -- Radical -- Última Hora -- La Nación. | ||
| 650 | 4 |
_aPERIÓDICO _98545 |
|
| 942 |
_cLIBRO _n0 |
||
| 999 |
_c20151 _d20151 |
||